Statistics for Flags of Countries Bordering Poland

Click here to take the quiz!

General Stats

  • This quiz has been taken 50 times
  • The average score is 7 of 7

Answer Stats

Answer% Correct
Germany
100%
Slovakia
100%
Ukraine
100%
Czechia
97%
Russia
97%
Belarus
94%
Lithuania
94%

Score Distribution

Percentile by Number Answered

Percent of People with Each Score

Your Score History

You have not taken this quiz